Algebra
Αποθηκεύτηκε σε:
| Κύριος συγγραφέας: | |
|---|---|
| Μορφή: | Βιβλίο |
| Γλώσσα: | German |
| Δημοσίευση: |
Basel :
Birkhauser Verlag,
c1993
|
| Σειρά: | Birkhauser advanced texts
|
| Θέματα: | |
| Ετικέτες: |
Προσθήκη ετικέτας
Δεν υπάρχουν, Καταχωρήστε ετικέτα πρώτοι!
|
MARC
| LEADER | 00000nam a2200000 i 4500 | ||
|---|---|---|---|
| 001 | 1/51615 | ||
| 008 | 950926s1993 ger d | ||
| 020 | |a 3-7643-2927-0 | ||
| 035 | |a 1995 |c ΚΕΧΑΓΙΑΣ |l 10044189 | ||
| 040 | |a GR-MY-UA |b gre |e aacr | ||
| 041 | 0 | |a ger | |
| 082 | 0 | |a 512.9 | |
| 100 | 1 | |a Artin, Michael. | |
| 245 | 1 | 0 | |a Algebra / |c Michael Artin |
| 260 | |a Basel : |b Birkhauser Verlag, |c c1993 | ||
| 300 | |a 705 p.; |b ill.; |c 24 cm. | ||
| 490 | 1 | |a Birkhauser advanced texts | |
| 650 | 0 | 0 | |a Algebra. |
| 830 | 0 | |a Birkhauser advanced texts | |
| 852 | |a INST |b SAMOS |e 19950926 |h 512.9 ART |p 005300004838 |q 005300004838 |t BK |y 0 | ||
| 909 | |a Σ |b 042402 | ||